Quizzes
Events
Quiz Creation
Community
Videos
Private Events
Remove Ads
Sign In
Join for FREE
Feedback
Dark Mode
Quiz Categories
Sports
Geography
Music
Movies
Television
Just For Fun
Miscellaneous
History
Literature
Language
Science
Gaming
Entertainment
Religion
Holiday
For Kids
Quiz Lab
Recent
Popular Today
Quiz Kudos Today
Editor Picks
Curator Picks
Quizzes by...
Day
Popularity
Type
Ratings
Length
Year
Community
Subscriptions
Recent Discussions
Orange Saloon
Badges
Playlists
Quests
Create
Leaderboards
Showdown
Live 5
Trivia Bingo
Activity
Puzzle Library
Sporcle Events
Private Events
Virtual Trivia
Globe League
Become a Host
Pub Owners
SporcleCon
Opinionation
Our Games
Videos
Blog
Mobile Apps
Partnerships
Remove Ads and Go Orange
Feedback
Movies
Disney
Marvel Cinematic Universe
Movie Resume
Movie Titles
Oscar
Actor
Actress
Director
Pixar
Role
Movie Quotes
Movie Characters
Box Office
Nominee
Best Picture
Star Wars
James Bond
Horror Movies
Movies
Disney
Marvel Cinematic Universe
Movie Resume
Movie Titles
Oscar
Actor
Actress
Director
Pixar
Role
Movie Quotes
Movie Characters
Box Office
Nominee
Best Picture
Star Wars
James Bond
Horror Movies
Random Quiz
Search Sporcle
×
Quiz Lab
Quiz Lab
Movies
Actor
Type in answers that appear in a list
Type in answers that appear in a list
Classic
Best Score? Go Orange.
Amazing Actors, Amazing Movies Stats
Can you name the five highest rated movies*, according to IMDB, for each of these actors?
By
herrod54
12m
100 Questions
586 Plays
586 Plays
586 Plays
Comments
Comments
Give Quiz Kudos
Give Quiz Kudos
-
- Ratings
hide this ad
More Info
Replay
Link that replays current quiz
Next Quiz
Link to next quiz in quiz playlist
You Got
0%
They Got
Avg Score
47%
Avg Friend Score
Upgrade to see
Score Distribution
Jump to the score distribution portion of the page
Score
0/100
Timer
12:00
0
Plays Today
Actor
Movie
% Correct
Marlon Brando
The Godfather
93.2%
Tom Hanks
Forrest Gump
87.9%
Robert De Niro
The Godfather Part II
86.3%
Anthony Hopkins
The Silence Of The Lambs
84.8%
George Clooney
Ocean's Eleven
83.1%
Mel Gibson
Braveheart
80.7%
Bruce Willis
Die Hard
79.9%
Jack Nicholson
One Flew Over The Cuckoo's Nest
79.7%
Morgan Freeman
The Shawshank Redemption
79.5%
Tom Hanks
Saving Private Ryan
77.6%
Clint Eastwood
The Good, The Bad, And The Ugly
76.8%
Harrison Ford
Star Wars
76.3%
Clint Eastwood
Gran Torino
75.9%
Clint Eastwood
Million Dollar Baby
75.1%
Robert De Niro
Taxi Driver
74.4%
Ben Kingsley
Gandhi
74.1%
Clint Eastwood
Unforgiven
73.4%
Morgan Freeman
Unforgiven
73.4%
Robert De Niro
Raging Bull
73.2%
Tom Cruise
Rain Man
72%
Dustin Hoffman
Rain Man
72%
Harrison Ford
Raiders Of The Lost Ark
72%
Morgan Freeman
Se7en
70.6%
Brad Pitt
Se7en
70.6%
Robert De Niro
Goodfellas
70.3%
Brad Pitt
Fight Club
70.1%
Jack Nicholson
The Shining
69.1%
Kevin Costner
Dances With Wolves
68.9%
Marlon Brando
On The Waterfront
67.2%
Dustin Hoffman
The Graduate
67.1%
Harrison Ford
The Empire Strikes Back
65.4%
Mel Gibson
Lethal Weapon
62.3%
Robin Williams
Good Will Hunting
62.3%
Jack Nicholson
As Good As It Gets
61.6%
Actor
Movie
% Correct
George Clooney
Up In The Air
60.9%
Marlon Brando
A Streetcar Named Desire
60.6%
Marlon Brando
Apocalypse Now
58.7%
Harrison Ford
Apocalypse Now
58.7%
Morgan Freeman
The Dark Knight
57.3%
Jack Nicholson
The Departed
57.3%
Bruce Willis
The Sixth Sense
57.2%
Sean Connery
Goldfinger
56.3%
Denzel Washington
Glory
54.1%
Kevin Costner
Field Of Dreams
52.6%
Bruce Willis
Pulp Fiction
51.4%
Jack Nicholson
Chinatown
50.2%
Harrison Ford
Blade Runner
50%
Paul Newman
Butch Cassidy And The Sundance Kid
49.3%
Paul Newman
Cool Hand Luke
48.1%
Tom Hanks
Catch Me If You Can
47.8%
Mel Gibson
Lethal Weapon 2
46.8%
Brad Pitt
Twelve Monkeys
46.8%
Bruce Willis
Twelve Monkeys
46.8%
Robin Williams
Dead Poets Society
46.4%
Brad Pitt
Inglourious Basterds
46.4%
Paul Newman
The Sting
46.2%
Morgan Freeman
Batman Begins
43.9%
Mel Gibson
Mad Max 2: The Road Warrior
43.9%
Sean Connery
Indiana Jones And The Last Crusade
43.3%
Ben Kingsley
Schindler's List
43%
Sean Connery
The Untouchables
43%
Kevin Costner
The Untouchables
43%
George Clooney
O Brother Where Art Thou?
41.8%
Denzel Washington
American Gangster
40.4%
Clint Eastwood
For A Few Dollars More
39.4%
Tom Cruise
Magnolia
37.9%
Tom Hanks
The Green Mile
36.3%
Tom Cruise
Minority Report
35.7%
Actor
Movie
% Correct
Dustin Hoffman
Midnight Cowboy
34.6%
Denzel Washington
Man On Fire
34.5%
Denzel Washington
Malcolm X
32.6%
Ben Kingsley
Shutter Island
31.1%
Paul Newman
The Hustler
29.9%
Bruce Willis
Sin City
29.9%
Tom Hanks
Road To Perdition
28.7%
George Clooney
Good Night, And Good Luck
28.2%
Robert De Niro
Once Upon A Time In America
28%
Kevin Costner
JFK
24.9%
Anthony Hopkins
The Elephant Man
23.5%
Dustin Hoffman
All The Presidents Men
22%
Brad Pitt
Snatch
21%
Tom Cruise
The Last Samurai
18.9%
Ben Kingsley
House Of Sand And Fog
18.6%
Denzel Washington
Inside Man
18.6%
Tom Cruise
Collateral
18.4%
Anthony Hopkins
The Remains Of The Day
18.1%
Robin Williams
Awakenings
17.7%
Paul Newman
Cat On A Hot Tin Roof
16.7%
Ben Kingsley
Lucky Number Slevin
13.1%
Mel Gibson
Gallipoli
11.8%
Anthony Hopkins
The Lion In Winter
11.1%
Marlon Brando
Viva Zapata!
10.8%
George Clooney
The Thin Red Line
9.9%
Sean Connery
The Man Who Would Be King
9.6%
Kevin Costner
Open Range
9.6%
Dustin Hoffman
Papillon
8.2%
Anthony Hopkins
The World's Fastest Indian
6.5%
Robin Williams
Hamlet
4.6%
Robin Williams
August Rush
2.7%
Sean Connery
A Night To Remember
1%
Quiz Playlist
Details
Report
Send in Message
Add To Playlist
More Info:
* Does not include voiceover work, documentaries, made for TV movies or miniseries.
Classic:
Type in answers that appear in a list
Last Updated: Feb 16, 2017
Quiz Scoreboard
CHALLENGE
Sign Up to Join the Scoreboard
Show All
Scores
Hide
Comments
May contain spoilers
Recently Published
NBA Finals Game Top Scorers (2010s)
by flibbidy
Sports
5m
Guess the 'R' Things in 3 Words
by MSUKent
Miscellaneous
3m
Actor to Badly Drawn Movie III
by MoMosMoProblems
Movies
5m
More to Explore
Quiz From the Vault
Featured Blog Post
Where Does Lost Luggage Go?
hide this ad
You Might Also Like...
Tags
Actor Quiz
Amazing
Five
highest
imdb
Rated
Today's Top Quizzes in Movies
Browse Movies
hide this ad
Today's Top Quizzes in Actor
Browse Actor
Top Contributed Quizzes in Movies
1
Pixar Reveal II
2
How Long Is the Movie Title?
3
Pixar Reveal III
4
10 Quentin Tarantino Movies in Order
5
Adjectives in 00s Movies
6
Pixar Reveal IV
7
Movie Stars Gone to the Dogs
8
Adjectives in 10s Movies
9
Pixar Reveal V
10
Adjectives in 90s Movies
Explore More
Trending Topics
Anime
Harry Potter
Marvel
NBA
Disney
Crossword
Kpop
Country
Pokémon
NFL
The Office
Song
Puzzle
WWE
Soccer
hide this ad
More By:
herrod54
Quiz
Plays
Rating
Category
Featured
Created
NFC West Rushers
3,511
4.06
Sports
Feb 27, 2011
30+ HR Boston Red Sox
3,249
3.79
Sports
Jun 12, 2010
Cy Young votes, 2000-2009
3,092
3.77
Sports
Aug 7, 2010
NFC East Quarterbacks
2,989
4.55
Sports
Jul 2, 2010
2000's New York Yankees
2,737
3.64
Sports
Dec 7, 2009
Go to Creator's Profile
Score Distribution
Quiz Creator Spotlight
herrod54
Follow
Send a Message
Quizzes Created
-
Created Quiz Play Count
-
More By This Creator
Popular Quizzes Today
1
Find the US States - No Outlines Minefield
2
Find the US States
3
The Countries of the World
4
10 Largest US States in Order
5
Find the Countries of Europe - No Outlines Minefield
6
US States
7
Guess the 'R' Things in 3 Words
8
NBA Finals Game Top Scorers (2010s)
More Movies Quizzes
Best Picture Sudoku
Editor's Pick
Trending Quizzes
First Name TV: Leading Men
Match the Book to the Film II
First Name TV: Leading Women Drama
3-Word Movies in 1 Word II
Match the Book to the Film VI
Recently Updated
Women's Final Four Teams by Year
bhenderson79
Presidents Quartet II
eogle
Anything But Clue(do)
eogle
Anything But Oceanian Capitals
eogle
Anything But 7
eogle
Anything But Thing
eogle
Word Ladder: February 29
pecheneg
Song Title Questions
pecheneg
Women's NCAA Tournament #1 Seeds
pecheneg
Celebrity Mug Shots
pecheneg
Trending Topics
Harry Potter
Marvel
Crossword
NBA
Kpop
Disney
Anime
Song
Pokémon
WWE
The Office
NFL
Puzzle
Soccer
Country
Your Account Isn't Verified!
In order to create a playlist on Sporcle, you need to verify the email address you used during registration. Go to your
Sporcle Settings
to finish the process.
Report this User
Report this user for behavior that violates our
Community Guidelines
.
Details:
Send Report
Go to the Sporcle.com Mobile Site →
Comments